000 01303nam a2200361 c 4500
003 BLK
005 20250403174718.0
008 180411b bul|||||r ||||||| ||bul||
010 _aKNG00212876000
020 _a978-954-9749-84-7
_bиздат.: Клевър Бук
040 _aBLK
041 _aBUL
_cBUL
_hENG
072 7 _2bullib
_aН85
_xДетска художествена литература Н
080 _aФренска литература
_b821.133.1
_x-93-91
_z821.133.1-93-91
139 _aСпящата красавица
_bС 59
245 1 0 _aСпящата красавица
_bДвуез. кн.
246 1 1 _aThe Sleeping Beauty
257 _aFRA
260 София
_bКлевър Бук
_c[2016]
300 _a24 с.
_bс цв. ил.
_c29 см
380 _aDX
500 _aБез сведение за ориг. загл. - Парал. текст на англ. ез.
653 _aприказки
653 _aлитература за деца
653 _aдетска литература
659 _aН
852 _aЦб ІІ 22016
856 4 _qpdf
_u
856 4 _qpdf
_u
942 _cKNG
_n0
_032
944 _aCR
_c04.10.2017
_lГрета Цуфелде
_k30537
944 _aED
_c23.11.2017
_lф /
_kЛюдмила_Стоянова
999 _c203349
_d203349